Indian journal of ophthalmology.

Bibliographic Details
Previous Title:Journal of the All-India Ophthalmological Society
Corporate Author: All India Ophthalmological Society
Format: Journal
Language:English
Published: Madras : All India Ophthalmological Society.
Subjects:
Online Availability: Check for online availability

MARC

Tag First Indicator Second Indicator Subfields
LEADER 00000cas a2200000I 4500
001 in00002086830
005 20151102154309.0
006 m d
007 cr mnu---|||||
008 050512c20059999ii qr0pss 0 a0eng d
022 |a 0301-4738 
029 1 |a OCLCS  |b 10407 
035 |a (OCoLC)ocm60352341 
040 |a SNM  |c SNM  |d TXA  |d UtOrBLW 
049 |a TXAM 
090 |a RE1  |b .I53 Electronic 
210 0 |a Indian j. ophthalmol. (Online) 
222 0 |a Indian journal of ophthalmology (Online) 
245 0 0 |a Indian journal of ophthalmology. 
264 1 |a Madras :  |b All India Ophthalmological Society. 
336 |a text  |b txt  |2 rdacontent 
337 |a computer  |b c  |2 rdamedia 
338 |a online resource  |b cr  |2 rdacarrier 
500 |a Volume 53, number 1 (January-March 2005)-. 
500 |a Full-text coverage begins in 2005. Abstracts for articles dating back to 1997 are also available at this web site. 
510 0 |a Chemical abstracts  |x 0009-2258 
500 |a Title taken from title screen (viewed May 12, 2005). 
538 |a Mode of access: World Wide Web. 
538 |a System requirements: Adobe Acrobat Reader. 
500 |a Electronic resource. 
650 0 |a Ophthalmology  |v Periodicals. 
710 2 |a All India Ophthalmological Society. 
780 0 0 |t Journal of the All-India Ophthalmological Society  |x 0044-7307 
948 |a cataloged  |b h  |c 2005/11/21  |d c  |e pbump 
994 |a C0  |b TXA 
999 |a MARS 
999 f f |s 4b6847a7-ab59-3197-80f6-01b3615bff61  |i ac20ef77-55fd-3ec9-aab7-3675a1e19271  |t 0 
952 f f |a Texas A&M University  |b College Station  |c Electronic Resources  |d Available Online  |t 0  |e RE1 .I53  |g Electronic  |h Library of Congress classification 
998 f f |a RE1 .I53  |t 0  |l Available Online